000 00936nam a2200289Ia 4500
001 F0109
003 IT-RoPAU
008 130308s9999 xx 000 0 und d
040 _aIT-RoPAU
040 _cIT-RoPAU
041 _aINGLESE
100 _aLeiss William
100 _gCodice Aut. SPICS: 21147
245 _aRisk Communication and Public Knowledge
245 _bCommunication Theory today
250 _a1a ed.
260 _aCAMBRIDGE
260 _bPolity Press
260 _c1994 [1° Ed.:1994 - Ed.Ling.Originale:1994]
300 _a"13 p. (prefazione: no ; testo: 13 [pagine: 127-139])"
500 _aComunicazione del rischio e Sapere Pubblico. Teoria della Trasmissione Delmessaggio. Comunicazione del Rischio: Applicazione di un Modello vecchio Apolitica Attuale.
650 _aSOCIOLOGIA DELLA COMUNICAZIONE SOCIALE
650 _eCodice materia Spics: 3806
942 _cBK
957 _71
999 _c80509
_d80509
999 _g1